000 01083nam a2200241Ia 4500
008 130821s1998 ck gr spa
020 _a9583501808
040 _aCo-BoUCM
_bspa
041 0 0 _aspa
100 _aMejía Quintana, Oscar Eduardo
_d1956-
_989987
245 0 0 _aDerecho, legitimidad y democracia deliberativa Desarrollo y conflicto de paradigmas jurídicas políticas en las sociedades en transición
_cOscar Mejía Quintana.
260 _aBogotá (Cundinamarca, Colombia)
_bTemis
_c1998
300 _a306 páginas
504 _aIncluye bibliografía e índice.
600 _aHabermas, Jurgen
_d1929-
_xCrítica e interpretación, etc.
_9107950
600 _aKelsen, Hans
_d1881-1973
_xCrítica e interpretación, etc.
_931963
600 _aMutis y Bosio, José Celestino
_d1732-1808
_xCrítica e interpretación, etc.
_929593
600 _aRawls, John
_d1921-
_xCrítica e interpretación, etc.
_989988
650 0 4 _aFilosofía del derecho
_915792
650 0 4 _aNeoliberalismo
_920188
942 _cLIBRO
_a8
_e1
_mM34d
_2DEWEY
_h340.1
999 _c25705
_d25705